Квиз о Катару - Statistics

General Stats
  • This quiz has been taken 98 times
  • The average score is 12 of 20
Answer Stats
Опис Одговор % Correct
Једина држава са којом се граничи Саудијска Арабија
92%
Званичан језик Арапски
90%
Спортско такмичење чији домаћин ће бити Катар 2022. Светско првенство у фудбалу
89%
Главни град Доха
86%
Најважнија извозна сировина Нафта / Природни гас
85%
Залив у коме се налази Катар Персијски залив
82%
Држава са сличном заставом:
Бахреин
76%
0% Катара је покривено _____, чинећи је једином таквом државом од преко 1000 км² Шумом
63%
Држава од које је Катар добио независност 1971. године Уједињено Краљевство
62%
Титула владара Катара Емир
60%
Више од 2/3 становништва потиче из ове државе Индија
60%
Велика телевизијска кућа са седиштем у Катару Ал Џазира
54%
Именуј било коју од две државе, које имају БДП по глави становника већи него Катар Монако | Лихтенштајн
52%
Систем закона почиње на слово "Ш", који је основа катарског правног система Шеријат
52%
Катар има највећу емисију овог гаса по глави становника Угљен-диоксид
48%
Катарска валута Ријал
37%
Казна за Муслимана који конзумира алкохол Бичевање
35%
1/4 становништва ове државе чине ____, чинећи је једном од држава са њиховим најмањим процентом Жене
32%
Национална животиња, арапски орикс је врста ... Антилопе
19%
Пре 1920. године, најважнији производ катарске економије су били... Бисери
11%
No matching quizzes found
Score Distribution
Percent of People with Each Score
Percentile by Number Answered
Your Score History
You have not taken this quiz